000 00470nam a2200157 4500
001 132874
003 ES-MaACL
005 20230906194252.0
007 t|
008 070214s1964 sp r ||||1| cat d
100 1 _aRosinol y Vilardell, Juan.
_999785
245 1 0 _aQuan els diners no costen guanyar
_b: comedia dramática /
_cJuan Rosinol y Vilardell.
260 _aBarcelona :
_bMillá,
_c1964.
300 _a54 p. ;
_c18 cm.
852 _aES-MaACL
_jC-30551
_bR.59765
999 _c132874
_d132874